Microbiology an introduction

Сохранить в:
Библиографические подробности
Главный автор: Batzing, Barry L.
Формат:
Язык:Undetermined
Опубликовано: Thomson Learning 2001
Предметы:
Метки: Добавить метку
Нет меток, Требуется 1-ая метка записи!
Thư viện lưu trữ: Trung tâm Học liệu Trường Đại học Cần Thơ
LEADER 00480nam a2200181Ia 4500
001 CTU_49328
008 210402s9999 xx 000 0 und d
082 |a 579 
082 |b B336 
100 |a Batzing, Barry L. 
245 0 |a Microbiology an introduction 
245 0 |c Barry L. Batzing 
260 |b Thomson Learning 
260 |c 2001 
526 |a Vi sinh vật học 
526 |b TN144 
650 |a Microbiology 
980 |a Trung tâm Học liệu Trường Đại học Cần Thơ